000 01776cam a22004214i 4500
003 PE-LiUPU
005 20250731172928.0
008 150617s1914 cau r 000 0 eng d
035 _a(Sirsi) a204174
040 _aPE-LiUPU
_bspa
_cPE-LiUPU
_erda
049 _aPRUA
082 0 4 _a220
_bM86
_221
100 1 _aMorgan Campbell, G.,
_eautor.
245 1 0 _aBible readings for the Home circle :
_bAtopical study of the bible, systematically arranged for home and private study /
_cG. Campbell Morgan, D.D.
264 1 _aCalifornia :
_bPacific,
_c1914.
300 _a794 páginas ;
_c20 centímetros
336 _atext
_2rdacontent
337 _aunmediated
_2rdamedia
338 _avolume
_2rdacarrier
505 0 _aThe bible: how to study and understand it -- Sin; its origin, result, and remedy -- The way to christ -- Life, parables, and miracles of christ -- The holy spirit -- The sure word of prophecy -- Coming events and signs of the times -- The law of God -- The Sabbath -- Christian liberty -- Life only in christ -- Life onlyin christ -- Christian growth and experience Prayer and public worship -- Christian service -- Admonitions and warnings.
526 _aSEG42
526 _aSEG41
526 _aSEG40
526 _aSEG39
526 _aP94
526 _aP87
526 _aP86
526 _aP85
526 _aP77
526 _aP76
526 _aP35
630 0 4 _aBiblia
_xEstudio y enseñanza.
942 _2ddc
_cBOOK
994 _aC0
_bPEPRU
596 _a1
999 _a220 M86
_wLC
_c20549
_i76036
_f2021-11-9
_g4
_lCCODEBUL1
_mBUL
_p15.00
_r0
_sY
_tBOOK
_u2017-5-31
_xTEOLOGIA
_PP85
_0DONACION
_o.STAFF. Colección Teología
_d20549
980 _81
_gALBERTO SANCHEZ Responsable de Automatización